| 000 | 00865nam a2200229 i 4500 | ||
|---|---|---|---|
| 999 |
_c22957 _d22957 |
||
| 003 | AR-CdUCM | ||
| 008 | 240802b pe ||||| |||| 00| 0 spa d | ||
| 040 |
_aMUNICIPALIDAD PROVINCIAL DEL CUSCO _cBIBLIOTECA MUNICIPAL DEL CUSCO |
||
| 041 | _hspa | ||
| 082 |
_a864.985 / M36E _bM36E |
||
| 100 |
_aMedina Sánchez, Juan _950120 |
||
| 245 |
_aEl encuentro de dos culturas : _bLideres andinos / |
||
| 260 |
_aArequipa : _c2013. |
||
| 300 |
_a186 páginas. : _c20 cm. |
||
| 505 | _aEl encuentro de dos culturas -- Las culturas nativas del nuevo mundo: Los inkas, mayas y aztecas -- La cultura occidental que llego al nuevo mundo la cultura europea asiática y africano | ||
| 650 |
_aLa cultura nativa _950124 |
||
| 650 |
_aMachu Picchu _95672 |
||
| 650 |
_aLa Mashua _950125 |
||
| 650 |
_aHombre andino _950126 |
||
| 942 |
_2ddc _cLIBROS |
||
| 945 |
_apbj _d2024-08-02 |
||